Gemerský svet Ľudovíta Kubániho k 160. výročiu jeho narodenia

Bibliographic Details
Main Author: Laciak, Ondrej, 1920-2002 (Author)
Format: Article
Language:Slovak
Subjects:

MARC

LEADER 00000nab a2200000 a 4500
001 vtls000410409
003 SK-MaSNL
005 20260305021231.0
008 160215c1990 xo 0 slo
015 |a SNBRB19rr/mm-uuuuu 
035 |a CL0410533 
040 |a SNKBUCL  |b slo  |c SNKBUCL  |e AACR2 
041 0 |a slo 
044 |a xo  |c SK 
080 |a 82:929:885.4  |2 1981 
080 |a 929  |2 1981 
080 |a 885.4  |2 1981 
080 |a 929 Kubáni, Ľudovít  |2 1981 
100 1 |a Laciak, Ondrej,  |d 1920-2002  |4 aut  |9 250102 
245 1 0 |a Gemerský svet Ľudovíta Kubániho k 160. výročiu jeho narodenia  |c Ondrej Laciak ; Ľudovít Kubáni 
600 1 7 |a Kubáni, Ľudovít,  |d 1830-1869  |2 snkbucl  |9 264259 
655 7 |a články z novín a časopisov  |2 snkbucl  |9 267496 
655 7 |a články z odboru literárna veda a krásna literatúra  |2 snkbucl  |9 770045 
773 0 |t Obzor Gemera  |g Roč. 21, č. 4 (1990), s. 231-232 
850 |a Slovenská národná knižnica v Martine  |a MTA001 
852 |a SNK  |b KIS3GCP 
958 |a BX 
958 |a RK 
958 |a LX 
992 |a RBX 
999 |c 3284513  |d 3286443